Album Covers #2 - 1971 - Statistics

General Stats
  • This quiz has been taken 569 times
  • The average score is 10 of 26
Answer Stats
Picture Hint Answer % Correct
1971 Artist Marvin Gaye
85%
1971 Artist Led Zeppelin
78%
1971 Artist The Who
71%
1971 Artist Janis Joplin
68%
1971 Artist Rod Stewart
68%
1971 Artist The Rolling Stones
68%
1971 Artist Joni Mitchell
64%
1971 Album IV (untitled)
63%
1971 Album What's Going On
60%
1971 Artist Carole King
52%
1971 Album Sticky Fingers
49%
1971 Album Blue
46%
1971 Album Tapestry
43%
1971 Album Who's Next
39%
1971 Artist Bill WIthers
37%
1971 Artist T. Rex
35%
1971 Artist The Allman Bros Band
27%
1971 Album Pearl
20%
1971 Artist Sly And The Family Stone
16%
1971 Album Every Picture Tells A Story
12%
1971 Album At Fillmore East
11%
1971 Album Electric Warrior
10%
1971 Album There's A Riot Goin' On
10%
1971 Artist Dolly Parton
6%
1971 Album Coat Of Many Colors
3%
1971 Album Just As I Am
3%
No matching quizzes found
Score Distribution
Percent of People with Each Score
Percentile by Number Answered
Your Score History
You have not taken this quiz